MARC

LEADER 00000nam0a2200000 4500
001 331902
005 20231102004413.0
035 |a (RuTPU)RU\TPU\book\357771 
090 |a 331902 
100 |a 20170510d1981 km y0rusy50 ca 
101 0 |a rus 
102 |a RU 
105 |a a z 001zy 
200 1 |a Параллельные процессоры для управляющих систем  |f Я. И. Фет 
210 |a Москва  |c Энергоиздат  |d 1981 
215 |a 158 с.  |c ил. 
320 |a Библиогр.: с. 153-156 
606 1 |a Информационно-управляющие системы  |x Процессоры  |2 stltpush  |3 (RuTPU)RU\TPU\subj\12924  |9 39624 
610 1 |a параллельные процессы 
610 1 |a массовые операции 
610 1 |a поиск 
610 1 |a информация 
610 1 |a упорядочение 
610 1 |a алгоритмы 
610 1 |a операции 
610 1 |a обработка 
610 1 |a язык APL 
610 1 |a структуры данных 
610 1 |a применение 
675 |a 658.012.45  |v 4 
700 1 |a Фет  |b Я. И.  |g Яков Ильич 
801 1 |a RU  |b 63413507  |c 20170510 
801 2 |a RU  |b 63413507  |c 20181024  |g RCR 
942 |c BK